Municipios de Guipúzcoa (mapa) - Estadísticas

Estadísticas generales
  • Esta prueba ha sido intentada 436 veces
  • La puntuación promedio es 44 de 88
Respuestas en el mapa
Las respuestas están codificadas por una escala verde-roja en el mapa de la prueba según el % correcto abajo.
 
Estadísticas de respuestas
Respuesta % Correcto
Donostia
99%
Irun
94%
Hondarribia
88%
Zarautz
88%
Deba
86%
Tolosa
86%
Éibar
82%
Errenteria
82%
Orio
81%
Pasaia
81%
Zumaia
81%
Getaria
77%
Mondragón
77%
Azpeitia
75%
Hernani
75%
Azkoitia
73%
Aia
72%
Andoain
72%
Beasain
71%
Elgoibar
71%
Zumarraga
71%
Mutriku
68%
Lasarte-Oria
65%
Lezo
65%
Oñati
64%
Usurbil
64%
Bergara
63%
Oiartzun
63%
Amasa-Villabona
60%
Idiazabal
59%
Aretxabaleta
58%
Astigarraga
58%
Zestoa
58%
Ordizia
57%
Legazpi
56%
Plasencia de las Armas
55%
Urretxu
53%
Urnieta
52%
Lazkao
51%
Mendaro
51%
Anoeta
49%
Zegama
49%
Segura
48%
Ataun
46%
Elgeta
45%
Eskoriatza
45%
Leintz-Gatzaga
45%
Aizarnazabal
44%
Berastegi
43%
Ibarra
42%
Ormaiztegi
42%
Antzuola
41%
Legorreta
40%
Zizurkil
40%
Alegia
39%
Irura
38%
Orexa
38%
Asteasu
36%
Zaldibia
36%
Altzo
34%
Amezketa
34%
Errezil
34%
Itsasondo
34%
Zerain
34%
Aduna
32%
Ezkio-Itsaso
32%
Mutiloa
32%
Olaberria
32%
Gabiria
31%
Gaztelu
31%
Ikaztegieta
31%
Larraul
31%
Hernialde
30%
Lizartza
29%
Orendain
29%
Berrobi
28%
Gaintza
28%
Alkiza
27%
Arama
27%
Beizama
27%
Albiztur
25%
Bidania-Goiatz
23%
Elduain
23%
Abaltzisketa
21%
Altzaga
21%
Baliarrain
21%
Belauntza
19%
Leaburu
19%
No se encontraron pruebas coincidentes
Distribución de puntuación
Porcentaje de gente con cada puntuación
Porcentaje por número respondido
Historial de tus puntuaciones
No has intentado esta prueba.